Sponzoring ako súčasť marketingu športu dizertačná práca

Saved in:
Bibliographic Details
Main Author: Šupák, Juraj
Corporate Author: Obchodná fakulta EU. Katedra marketingu
Other Authors: Lipianska, Júlia
Format: Book
Language:Slovak
Published: Bratislava 2017
Subjects:
Tags: Add Tag
No Tags, Be the first to tag this record!

MARC

LEADER 00000nbm a2200000 4500
001 0234293
005 20240502073812.0
041 0 |a slo 
044 |a SK 
245 1 0 |a Sponzoring ako súčasť marketingu športu  |b dizertačná práca  |c Juraj Šupák ; školiteľ: Júlia Lipianska 
264 1 |a Bratislava  |c 2017 
300 |a 166 s. 
610 2 0 |a šport 
610 2 0 |a financovanie 
610 2 0 |a marketing 
610 2 0 |a riadenie 
610 2 0 |a marketing mix 
610 2 0 |a sponzorovanie 
610 2 0 |a Slovensko 
100 1 |a Šupák, Juraj 
700 1 |a Lipianska, Júlia 
710 2 |a Obchodná fakulta EU. Katedra marketingu